| 000 | 00713nam a2200277Ia 4500 | ||
|---|---|---|---|
| 003 | OSt | ||
| 005 | 20221007105330.0 | ||
| 006 | a|||||r|||| 00| 0 | ||
| 007 | ta | ||
| 008 | 221006b |||||||| |||| 00| 0 eng d | ||
| 020 | _a8171771831 | ||
| 024 | _a18,275 | ||
| 037 | _cTextual | ||
| 040 |
_aLCO _cLCO _beng |
||
| 041 |
_2eng _aeng |
||
| 082 | _aZ2,3, P6 | ||
| 100 |
_aDutt _9207938 |
||
| 245 | 0 |
_aIndian Contract Act _b The Indian Contract Act, 1872 |
|
| 250 | _a10th | ||
| 260 |
_aCalcutta _bEastern Law House India _c2006 |
||
| 300 | _a1036 | ||
| 650 | _aCONTRACT | ||
| 700 | _a Saharay H.K. | ||
| 942 |
_hZ2,3, P6 _cTEXL |
||
| 999 |
_c1187838 _d1187838 |
||